01004 2200277 4500001002100000005001500021035002000036007000300056008004100059020001800100082001100118084001700129100002900146245007700175250002000252300002700272650001400299650000900313700003100322520023900353264004400592336002100636337003000657338002300687990001600710INLIS00000000000020220260417020144 a0010-0426000201ta260417 g 0 ind  a9786020282220 a006.76 a006.76 FAT m0 aFathul HusnanePengarang1 aMembangun web minisite dengan blogger /cFathul Husnan , Java Creativity aCetakan pertama a212 :bIlustrasi ;c21 4asitus web 4ablog0 aJava CreativityePengarang aPanduan praktis untuk membuat sales letter atau minisite profesional menggunakan platform Blogger tanpa biaya mahal. Buku ini membimbing pembaca langkah demi langkah (step-by-step) memanfaatkan template gratis untuk menarik pelanggan. aJakarta :bElex Media Komputindo,c2016 2rdacontentaTeks 2rdamediaaTanpa perantara 2rdacarrieraVolume aPP000340/19